400 Jahre Südafrika in Porträts

Bibliographic Details
Main Author: Bilger, Harald R. (Author)
Format: Book
Language:German
Published: Konstanz Druck. und Verlagsanstalt Konstanz Universitätsverl. 1974

MARC

LEADER 00000nam a2200000 a 4500
001 vtls001313155
003 SK-MaSNL
005 20260301005203.0
008 240315s1974 DE 0 ger
035 |a SNK000265573 
040 |a SNK  |b slo  |c SNK  |e AACR2 
044 |a DE 
100 1 |a Bilger, Harald R.  |4 aut  |9 289130 
245 1 |a 400 Jahre Südafrika in Porträts  |c Harald R. Bilger 
260 |a Konstanz  |b Druck. und Verlagsanstalt Konstanz Universitätsverl.  |c 1974 
300 |a 191 s., [12] s. fot. príl.  |c 8° 
958 |a OND 
999 |c 544421  |d 546351 
952 |t P60, <04>, [BOOK], {604}  |a SNK  |b SNK  |y VYP  |7 0  |o snkIC 80210  |i snkV 1900/80  |0 0  |1 0  |4 0  |d 1997-12-03  |l 0  |r 2005-01-02 00:00:00  |w 2026-02-23